|
|
|
|
| LEADER |
00000nab a2200000 a 4500 |
| 001 |
vtls000095984 |
| 003 |
SK-MaSNL |
| 005 |
20260305004231.0 |
| 008 |
111104c1981 xo 0 slo |
| 015 |
|
|
|a SNBRB19rr/mm-uuuuu
|
| 035 |
|
|
|a CL0106087
|
| 040 |
|
|
|a SNKBUCL
|b slo
|c SNKBUCL
|e AACR2
|
| 041 |
0 |
|
|a slo
|
| 044 |
|
|
|a xo
|c SK
|
| 080 |
|
|
|a 633.7
|2 1981
|
| 100 |
1 |
|
|a Huszár, Jozef,
|d 1944-
|4 aut
|9 6056
|
| 245 |
1 |
0 |
|a Realizácia výsledkov
|b Systém pestovania tabaku
|c Jozef Huszár
|
| 650 |
0 |
7 |
|a tabak
|2 snkbucl
|9 4249
|
| 655 |
|
7 |
|a články z novín a časopisov
|2 snkbucl
|9 267496
|
| 773 |
0 |
|
|t Roľnícke noviny
|g Roč. 36, č. 192 (15. 8. 1981), s. 4
|
| 850 |
|
|
|a Slovenská národná knižnica v Martine
|a MTA001
|
| 852 |
|
|
|a SNK
|b KIS3GCP
|
| 958 |
|
|
|a RK
|
| 992 |
|
|
|a RBX
|
| 999 |
|
|
|c 3234591
|d 3236521
|